| 000 | 00904nam a2200229 4500 | ||
|---|---|---|---|
| 001 | 143611 | ||
| 003 | ES-MaACL | ||
| 005 | 20250819052227.0 | ||
| 007 | t| | ||
| 008 | 070214s1972 sp r ||||1| spa d | ||
| 100 | 1 |
_aSerigó Segarra, Adolfo. _9105551 |
|
| 245 | 1 | 0 |
_aMetodología de la investigación sanitaria y social / _cAdolfo Serigó Segarra. |
| 260 |
_aMadrid : _bPatronato Nacional de Asistencia Psiquiátrica, _c1972. |
||
| 300 |
_a495 p. ; _c24 cm. |
||
| 490 | 1 | _aPublicaciones del Patronato Nacional de Asistencia Psiquiátrica. Monografías | |
| 650 | 4 |
_aMedicina- _xMetodología. _9141546 |
|
| 650 | 4 |
_aCiencias sociales- _xMetodología _910996 |
|
| 710 | 2 |
_aPatronato Nacional de Asistencia Psiquiátrica (España) _96191 |
|
| 830 | 1 |
_aPublicaciones del Patronato Nacional de Asistencia Psiquiátrica. Monografías _9181099 |
|
| 852 |
_aES-MaACL _jC-50255 |
||
| 999 |
_c143611 _d143611 |
||